000 01098nam a2200313 4500
001 15921
003 BD-RjUL
005 20211208235919.0
008 191103s1972 njua b 001 0 eng d
020 _a013128603X
035 _a(BD-RjUL)15976
040 _aDLC
_cDLC
_dDLC
_dBD-RjUL
_beng
041 _aeng
082 0 0 _a660.2969
_bBAC 1972
100 1 _aBalzhiser, Richard E.
_949344
245 1 0 _aChemical engineering thermodynamics :
_bthe study of energy, entropy, and equilibrium /
_cby Richard E. Balzhiser, Michael R. Samuels and John D. Eliassen.
260 _aEnglewood Cliffs, N.J. :
_bPrentice-Hall,
_cc1972
300 _axv, 696 p. :
_billus. ;
_c25 cm.
350 _a$17.95
490 0 _aPrentice-Hall international series in the physical and chemical engineering sciences
504 _aIncludes bibliographical references and Index
650 0 _aChemical engineering.
_949345
650 0 _aThermodynamics.
_949346
700 1 _aSamuels, Michael R.,
_9234433
700 1 _aEliassen, John D.,
_9234434
942 _2ddc
_cBK
999 _c15921
_d15921